000 00328nam a2200157Ia 4500
100 _aJohnsonbaugn/R
250 _a4
942 _cBK
654 _aMathematics
245 _aDiscrete mathematics 4th
260 _bprentice hall
_aNew Delhi
_c1997
082 _a510
_bJOH
300 _a699
546 _aENGLISH
999 _c22323
_d22323